Porjadok sozdanija predprijatij s inostrannym učastijem v Švejcarii.

Podmienky pre prácu a zakladanie podnikov so zahraničnou účasťou vo Švajčiarsku od zapísania do obchodného registra. Typy spoločností a podnikov - individuálny, komanditná spoločnosť, spoločnosť s ručením obmedzeným, akciové spoločnosti..). Členenie spoločností podľa zdanenia. Daňový systém vo Švajč...

Descripción completa

Guardado en:
Detalles Bibliográficos
Autor principal: Čirkunov, O.
Otros Autores: Gorodisskij, A.
Formato: Capítulo de libro
Lenguaje:ruso
Materias:
Etiquetas: Agregar Etiqueta
Sin Etiquetas, Sea el primero en etiquetar este registro!

MARC

LEADER 00000naa a2200000 4500
001 r007250
005 20221208123213.6
041 0 |a rus 
044 |a [SU] 
245 1 0 |a Porjadok sozdanija predprijatij s inostrannym učastijem v Švejcarii.  |c O. Čirkunov, A. Gorodisskij 
520 |a Podmienky pre prácu a zakladanie podnikov so zahraničnou účasťou vo Švajčiarsku od zapísania do obchodného registra. Typy spoločností a podnikov - individuálny, komanditná spoločnosť, spoločnosť s ručením obmedzeným, akciové spoločnosti..). Členenie spoločností podľa zdanenia. Daňový systém vo Švajčiarsku a väzba federálu a kantonov. 
610 2 0 |a spoločnosti akciové 
610 2 0 |a spoločnosti zmiešané 
610 2 0 |a Švajčiarsko 
610 2 0 |a sústava daňová 
100 1 |a Čirkunov, O. 
700 1 |a Gorodisskij, A.